000 01221nam a22003498i 4500
001 021620273
003 EG-ScBUE
005 20260208102646.0
008 250516s2026 enka f b 001 0 eng d
020 _a9780367245887
040 _aStDuBDS
_beng
_erda
_cStDuBDS
_dEG-ScBUE
082 0 4 _a715.091732
_222
_bDYN
245 0 4 _aThe dynamic landscape :
_bdesign, ecology and management of naturalistic urban planting /
_cedited by Nigel Dunnett and James Hitchmough.
250 _aSecond edition.
264 1 _aLondon :
_bRoutledge,
_c2026.
300 _a273 pages :
_billustrations (colour) ;
_c28 cm
336 _atext
_2rdacontent
_btxt
336 _astill image
_2rdacontent
_btxt
337 _aunmediated
_2rdamedia
_bn
338 _avolume
_2rdacarrier
_bnc
500 _aPrevious edition: London: Spon, 2004.
504 _aIncludes bibliographical references and index.
650 7 _aEcological landscape design.
_2BUEsh
650 7 _aPlanting design.
_2BUEsh
650 7 _aUrban landscape architecture.
_2BUEsh
653 _cFebruary2026
_bENGARC
655 _vReading book
700 1 _aDunnett, Nigel,
_eeditor.
700 1 0 _aHitchmough, James,
_eeditor.
942 _2ddc
_cBB
999 _c31087
_d31058